00324nam a2200121Ia 4500008004100000041001200041082001100053100002300064245008500087260000600172650000600178700001800184221030s9999 xx 000 0 und d aEnglish a105.23 aS. K. Bhattacharya 0aExpriments in Basic Electrical Engineeringcby S. K. Bhattacharya, K. M. Rastogi c0 aB aK. M. Rastogi